| 000 | 00347nam a22001457a 4500 | ||
|---|---|---|---|
| 003 | OSt | ||
| 008 | 251118b |||||||| |||| 00| 0 eng d | ||
| 020 | _a9789352011247 | ||
| 082 | _a823.92 NEA | ||
| 100 | _aNEELAKANTAN,Anand | ||
| 245 | _aAjays:Duryodhana's Mahabharata | ||
| 260 |
_aMumbai _bPlatinum Press |
||
| 300 | _a633 p | ||
| 942 |
_2ddc _cBK |
||
| 999 |
_c13771 _d13771 |
||